| 000 | 00342nam a22001337a 4500 | ||
|---|---|---|---|
| 020 | _a81-87433-60-4 | ||
| 082 |
_a530 _bJAI/E |
||
| 100 | _aJAIN & JAIN | ||
| 245 |
_aESSENTIALS OF PHYSICS (SCIENCE & TECHNOLOGY) _bCLASS IX |
||
| 260 |
_aDELHI _bDHANPAT RAI PUBLISHING _c2004 |
||
| 300 | _a224 | ||
| 650 |
_aPHYSICS FOR CLASS IX _zINDIA |
||
| 942 | _cBK | ||
| 999 |
_c903 _d903 |
||